000 00626cam a2200217 4500
001 M96760
008 090401t1998 xxu||||| |||| 00| 0 eng d
035 _a(Sirsi) u91421
041 _aeng
050 _a333.33025
110 _aRoyal Institution of Chartered Surveyors
_94900
245 _aGeographical directory 1999.
260 _aLondon
_bWaterlow Specialist Information Publishing
_c1998
300 _a51,108,654,69p. ; 25cm.
350 _a65
650 _aABOUT RICS-RICS MEMBERS
650 _aDIRECTORIES
690 _aMANAGEMENT-BUSINESS MANAGEMENT-PROFESSIONAL PRACTICE
942 _n0
948 _c18/02/1999
999 _c97636
_d97636